| 000 | 00628nam a22002057a 4500 | ||
|---|---|---|---|
| 003 | OSt | ||
| 005 | 20161024182846.0 | ||
| 008 | 161024b xxu||||| |||| 00| 0 eng d | ||
| 020 | _a0415406943 | ||
| 040 | _cDDC | ||
| 082 | _a362.5 NEW 2003 | ||
| 100 |
_aEdited by Jean-Pierre, Cling; Mireille, Razafindrakoto; Francois, Roubaud _911242 |
||
| 245 | _aNew International Poverty Reduction Strategies | ||
| 260 | _aLondon; Routledge, 2003 | ||
| 300 | _axxii,394p; ill: 24cm | ||
| 504 | _aNotes, references, & index included | ||
| 650 |
_aPoverty reduction _95869 |
||
| 650 |
_aEconomic strategies _911243 |
||
| 942 |
_2z _cO_SHELF |
||
| 999 |
_c5376 _d5376 |
||